McLaren`s Discretionary Trustee v Secretary of State for Scotland (Record no. 5554)

MARC details
000 -LEADER
fixed length control field 01636cab a2200217 4500
001 - CONTROL NUMBER
control field ABS38161
008 - FIXED-LENGTH DATA ELEMENTS--GENERAL INFORMATION
fixed length control field 090401t1987 xxu||||| |||| 00| 0 eng d
035 ## - SYSTEM CONTROL NUMBER
System control number (Sirsi) u8965
041 ## - LANGUAGE CODE
Language code of text/sound track or separate title eng
245 ## - TITLE STATEMENT
Title McLaren`s Discretionary Trustee v Secretary of State for Scotland
260 ## - PUBLICATION, DISTRIBUTION, ETC.
Date of publication, distribution, etc. 1987
350 ## - PRICE (NR) (BK AM CF MU VM SE) [OBSOLETE]
Price 0
490 ## - SERIES STATEMENT
Series statement Rating & Valuation Reporter
Volume/sequential designation 27(7/8) August 1987, 146-147(2)
520 ## - SUMMARY, ETC.
Summary, etc. LTS 6 November 1986. A claim by owner of a Highland sporting estate for compensation as a result of compulsory purchase by the SoS Scotland of part of the estate for realignment of part of the A9 trunk road. Most items of claim were agreed, but 11 items remained for which the claimant sought £335,696 against £50,370 conceded by SoS. The largest claim was for the accommodation works. M`s figure was derived from the capital sum needed to purchase 2% index linked Government stock, which would be the cost of maintenance and renewal when required. S`s valuation approach was related to the actual prime costs of the works, taken as reflecting the diminution of the retained land. The type of sinking fund proposed by M was, according to S, unfounded in law. LTS rejected the valuation based upon the sinking fund method and accepted S`s valuation approach. Compensation for the maintenance of the accommodation works was valued as an item of injurious affection to the retained land. The reason fo
650 ## - SUBJECT ADDED ENTRY--TOPICAL TERM
Topical term or geographic name entry element AMENITY LAND
650 ## - SUBJECT ADDED ENTRY--TOPICAL TERM
Topical term or geographic name entry element FISHING RIGHTS
650 ## - SUBJECT ADDED ENTRY--TOPICAL TERM
Topical term or geographic name entry element INFLATION
690 ## - LOCAL SUBJECT ADDED ENTRY--TOPICAL TERM (OCLC, RLIN)
Topical term or geographic name as entry element ENVIRONMENTAL AND LAND CONSULTANCY-PLANNING AND DEVELOPMENT-COMPULSORY PURCHASE AND COMPENSATION
942 ## - ADDED ENTRY ELEMENTS (KOHA)
Suppress in OPAC 0
948 ## - LOCAL PROCESSING INFORMATION (OCLC); SERIES PART DESIGNATOR (RLIN)
c (OCLC) 04/03/1997
Holdings
Withdrawn status Lost status Source of classification or shelving scheme Damaged status Not for loan Home library Current library Shelving location Date acquired Total Checkouts Full call number Barcode Date last seen Copy number Price effective from Koha item type
    Dewey Decimal Classification     London London Journal article 14/09/1999   ABS38161 8965-1001 06/08/2019 1 06/08/2019 Law report